|
|
|
|
| LEADER |
00000cam a2200000 7i4500 |
| 001 |
0000000884 |
| 005 |
20151222.0 |
| 008 |
070703 |
| 020 |
|
|
|a 9830602346
|
| 020 |
|
|
|a 9830602400(set)
|
| 090 |
0 |
0 |
|a JF
|b AD MAL (1046)
|
| 100 |
0 |
|
|a Nik Amirul Mu'min Nik Amin
|
| 245 |
1 |
0 |
|a Hantu penunggu
|c Nik Amirul Mu'min Nik Amin
|
| 260 |
|
|
|a Selangor :
|b Hasrat Murni ,
|c 2005
|
| 440 |
|
|
|a Himpunan cerita-cerita seram
|
| 500 |
|
|
|a Children ages 7-9 years old (orange)
|
| 650 |
|
0 |
|a Ghost stories, Malay
|
| 650 |
|
0 |
|a Malay fiction
|
| 999 |
|
|
|a 0000095578
|b Book
|c Children Collection
|e Cawangan Bukit Gambir
|
| 999 |
|
|
|a 0000921389
|b Book
|c Children Collection
|e Cawangan Bukit Gambir
|
| 999 |
|
|
|a 0000955274
|b Book
|c Children Collection
|e Perbadanan Perpustakaan Awam Johor
|
| 999 |
|
|
|a 0000955275
|b Book
|c Children Collection
|e Perbadanan Perpustakaan Awam Johor
|
| 999 |
|
|
|a 0000955276
|b Book
|c Children Collection
|e Perbadanan Perpustakaan Awam Johor
|
| 999 |
|
|
|a 0000955277
|b Book
|c Children Collection
|e Perbadanan Perpustakaan Awam Johor
|
| 999 |
|
|
|a 0000955278
|b Book
|c Children Collection
|e Perbadanan Perpustakaan Awam Johor
|
| 999 |
|
|
|a 0000955786
|b Book
|c Children Collection
|e Cawangan Bukit Gambir
|
| 999 |
|
|
|a 0000955787
|b Book
|c Adult Collection
|e Cawangan Tangkak
|
| 999 |
|
|
|a 0001051877
|b Book
|c Children Collection
|e Cawangan Segamat
|
| 999 |
|
|
|a 0001051879
|b Book
|c Children Collection
|e Cawangan Bandar Penawar
|